Wirtschaftsleben und wirtschaftlicher Auflan in Sowjet-Russland, 1917-1920 / (Record no. 89256)

MARC details
000 -LEADER
campo de control de longitud fija 00660nam a2200205 i 4500
001 - NÚMERO DE CONTROL
campo de control 89256
003 - IDENTIFICADOR DE NÚMERO DE CONTROL
campo de control ES-MaACL
005 - FECHA Y HORA DE LA ÚLTIMA TRANSACCIÓN
campo de control 20230906180129.0
007 - CAMPO FIJO DE DESCRIPCIÓN FÍSICA--INFORMACIÓN GENERAL
campo de control de longitud fija t|
008 - DATOS DE LONGITUD FIJA--INFORMACIÓN GENERAL
campo de control de longitud fija 050105s1921 gw ||||1| ger d
100 1# - ENTRADA PRINCIPAL--NOMBRE DE PERSONA
Nombre de persona Larin, I.
9 (RLIN) 70254
245 10 - MENCIÓN DEL TÍTULO
Título Wirtschaftsleben und wirtschaftlicher Auflan in Sowjet-Russland, 1917-1920 /
Mención de responsabilidad, etc. I. Larin und L. Kritzmann.
260 ## - PUBLICACIÓN, DISTRIBUCIÓN, ETC.
Lugar de publicación, distribución, etc. Hamburg :
Nombre del editor, distribuidor, etc. [s.n.,
Fecha de publicación, distribución, etc. 1921]
300 ## - DESCRIPCIÓN FÍSICA
Extensión 1 v.
490 1# - MENCIÓN DE SERIE
Mención de serie Bibliothek der Kommunistischen Internationale ;
Designación de volumen o secuencia 16
700 1# - ENTRADA AGREGADA--NOMBRE PERSONAL
Nombre de persona Kritzmann, L.
9 (RLIN) 68867
830 0# - PUNTO DE ACCESO ADICIONAL DE SERIE-TÍTULO UNIFORME
Título uniforme Bibliothek der Kommunistischen Internationale ;
Designación de volumen o secuencia 16
9 (RLIN) 231885
852 ## - LOCALIZACIÓN
Ubicación ES-MaACL
Número de control de estantería 1614-F-14
Holdings
Estatus retirado Estado de pérdida Estado de daño No para préstamo Colección Biblioteca de origen Biblioteca actual Ubicación en estantería Fecha de adquisición Fuente de adquisición Total de préstamos Signatura topográfica completa Código de barras Visto por última vez Precio de reemplazo Tipo de ítem Koha
        Colección de folletos Biblioteca del Ateneo de Madrid Biblioteca del Ateneo de Madrid Depósito folletos 17/01/2008     1614-F-14 1093218 23/02/2023 23/02/2023 Folleto